01042nam a2200241Ia 450000100060000000300090000600800410001504000130005604000130006904100130008210000190009510000290011424500740014324500740021725000110029126000110030226000240031326000490033730000570038650003040044365000220074765000310076988352IT-RoPAU130308s9999 xx 000 0 und d aIT-RoPAU cIT-RoPAU aITALIANO aPiana Giovanni gCodice Aut. SPICS: 31478 aNotte dei lampi (La)-Quattro saggi sulla filosofia dell'immaginazione bNotte dei Lampi (La)-Quattro Saggi Sulla Filosofia dell'Immaginazione a1a ed. aMILANO bGuerini E Associati c1988 [1° Ed.:1988 - Ed.Ling.Originale:1988] a"284 p. (prefazione: no ; testo: 284 [pagine: 0-0])" a1. Il Lavoro del Poeta. Saggio su Gaston Bachelard2. L'Immaginazione Sacra. Saggio su Ernst Cassirer3. Colori e Suoni4. Riflessioni Sul Luogorapporti tra Immaginazione e Mito investimenti Immaginativi del Campo Percettivo in Rapporto Alla tematica del Suono e del colore nozione di Luogo e di Spazio aLOGICA FILOSOFICA eCodice materia Spics: 3151